00530nam a22001577a 450000500170000001000150001702000260003203500140005803700130007208200130008524500620009826000570016027000890021730000270030670000390033320220228110907.0 aENG-131820 a9788195391820c999.00 aEN-115352 bDBAD/PUB a621.3815 aDigital System Design/cP. Santosh Kumar Patra [et.al...] aHyderabadbSevenHills International Publishersc2021 bHyderabada# 326/C, III Floor, Surneni Nilayam Near B K Guda Park, S R Nagare500038 aviii, 526p.c24cm(pbk) aPatra, P. Santosh Kumar [et.al...]